000 01342cam a22003857a 4500
003 CHAP
005 20220329143026.0
008 050902d1995 mx r 00110 spa d
010 _a90846
011 _a91818
020 _a9682453011
035 _a102381
040 _cCHAP
082 0 4 _a657
_bN55 1995
100 0 0 _aNiño Alvarez, Raúl.
_981361
245 1 0 _aContabilidad intermedia
_c/por Raúl Niño Alvarez y José de Jesús Montoya Pérez
250 _a7 ed.
260 _aMéxico, D. F. :
_bTrillas,
_c1995.
300 _av. : cuadros
500 _aLa bilioteca tiene : v.2
590 _aBATCH-UPD
_b10
_c20130110
_lUCH01
_h0418
590 _aBATCH-UPD
_b10
_c20130410
_lUCH01
_h0053
590 _aBATCH-UPD
_b10
_c20130914
_lUCH01
_h1038
590 _aCONVERSION
_b10
_c20130109
_lUCH01
_h1350
650 1 4 _aContabilidad.
_927421
650 1 4 _aInventarios.
_960169
650 1 4 _aValor agregado.
_9117668
700 0 0 _aMontoya Pérez, José de Jesús.
_977998
901 _aBK
905 _aElisama A. H.
942 _cLIBRO
949 _a657 N55 1995
_bBC
_cLIBRO
_d33724000978896
_eLIBRO
_fc.3
_gI.c/e
_h106678
_i102381
_sb
_t$140.00
949 _a657 N55 1995
_bBC
_cLIBRO
_d33724000978953
_eLIBRO
_gI.c/e
_h106676
_i102381
_si
_t$140.00
949 _a657 N55 1995
_bBC
_cLIBRO
_d33724000979019
_eLIBRO
_fc.2
_gI.c/e
_h106677
_i102381
_si
_t$140.00
999 _c90846
_d90846